[Event "Mechanics' Bedjanian TNM; G/2 d/5"]
[Site "San Francisco"]
[Date "2018.11.13"]
[Round "4.6"]
[White "McKellar, Daniel"]
[Black "Lavi, Eilon"]
[Result "0-1"]
[WhiteElo "1878"]
[BlackElo "2088"]
[Annotator "Winslow,Elliott"]
[PlyCount "102"]
[EventDate "2018.??.??"]
[Source "ChessBase"]
[SourceDate "2007.09.04"]

1. d4 Nf6 2. Bf4 g6 3. Nc3 Bg7 4. e4 d6 5. Qd2 Nc6 6. O-O-O O-O 7. Bh6 e5 8.
Bxg7 Kxg7 9. dxe5 dxe5 10. Qxd8 Rxd8 11. Rxd8 Nxd8 12. Nf3 Ng4 13. h3 Nxf2 14.
Rg1 f5 15. Nxe5 Nxe4 16. Nxe4 fxe4 17. Bc4 Be6 18. Re1 Kf6 19. Rxe4 Bxc4 20.
Nxc4 Ne6 21. Kd2 Rd8+ 22. Ke3 Rd1 23. Ke2 Rb1 24. b3 Kf5 25. Re5+ Kf6 (25...
Kf4 $4 26. Kf2) 26. a4 $2 (26. Re4 $11) 26... Rg1 $17 27. Kf2 Rc1 28. Re2 Nd4
29. Rd2 Rxc2 30. Ke3 Rxd2 31. Nxd2 Ke5 32. g3 $6 Nf5+ 33. Kf3 Kd4 34. Ne4 Kd3 (
34... a5 $1) 35. Nc5+ Kc3 36. Nxb7 Kxb3 37. a5 Kb4 38. Nd8 Kxa5 39. Ne6 Kb6 (
39... c6 $1) 40. Nf8 $6 (40. g4 Ne7 41. Ke4) 40... a5 41. g4 Nh4+ (41... a4 $1
42. gxf5 gxf5 43. Ne6 a3 (43... c5) 44. Nd4 a2 45. Nc2 Kc5 46. Ke2 Kc4) 42. Ke4
h6 $6 (42... Kb5 43. Kd3 Kb4 44. Nxh7 a4 45. Kc2 a3 46. Nf6 Ng2 $1 47. Nd5+ Kc4
48. Nc3 Ne1+ 49. Kd2 Nf3+ 50. Kc2 Nd4+ 51. Kd2 Kb3 52. Kd3 c5) 43. Ne6 c6 44.
Kd3 Kb5 45. Nd4+ Kc5 46. Kc3 Kd5 47. Kd3 Ng2 48. Ne2 g5 49. Nc3+ Ke5 50. Kc4
Nf4 51. Kc5 Nxh3 0-1

[Event "Mechanics' Shipman TNM; G/2 d/5"]
[Site "San Francisco"]
[Date "2018.09.18"]
[Round "7.16"]
[White "McKellar, Daniel"]
[Black "Matz, James I"]
[Result "1-0"]
[WhiteElo "1879"]
[BlackElo "1654"]
[PlyCount "63"]
[EventDate "2018.??.??"]
[Source "ChessBase"]
[SourceDate "2007.09.04"]

1. d4 d5 2. c4 e6 3. Nc3 Nf6 4. cxd5 exd5 5. Bg5 Be7 6. e3 b6 7. Nf3 Bb7 8. Bd3
Ne4 9. Bxe7 Qxe7 10. O-O O-O 11. Rc1 c6 12. Ne5 f6 13. Nf3 Nd7 14. Qb3 Kh8 15.
Rfe1 Rac8 16. Rcd1 f5 17. Nd2 Ndf6 18. f3 Nxd2 19. Rxd2 f4 20. Rde2 Qc7 21. e4
c5 22. dxc5 bxc5 23. exd5 c4 24. Bxc4 Qxc4 25. Qxb7 Qd4+ 26. Kh1 Rb8 27. Qe7
Nxd5 28. Qd7 Rxb2 29. Rxb2 Qxc3 30. Qd6 Qf6 31. Rb8 Kg8 32. Qxf8+ 1-0

[Event "Mechanics' Walter Shipman TNM G/2 d/5"]
[Site "San Francisco"]
[Date "2018.10.02"]
[Round "9.12"]
[White "McKellar, Daniel"]
[Black "Newey, Richard"]
[Result "1-0"]
[WhiteElo "1879"]
[BlackElo "1630"]
[Annotator "Winslow,Elliott"]
[PlyCount "33"]
[EventDate "2018.??.??"]
[Source "ChessBase"]
[SourceDate "2007.09.04"]

1. d4 Nf6 2. c4 e5 3. dxe5 Ng4 4. Bf4 Nc6 5. Nf3 Bb4+ 6. Nc3 Qe7 7. Qd5 f6 (
7... Bxc3+ 8. bxc3 f6) 8. exf6 Nxf6 9. Qd3 d6 10. g3 Ne5 11. Nxe5 dxe5 12. Bg5
Bd7 13. Bg2 O-O-O 14. O-O Bg4 15. Bxf6 Rxd3 16. Bxe7 Rd2 17. Bxb4 1-0

[Event "Mechanics' Summer TNM; G/2 d5"]
[Site "San Francisco"]
[Date "2018.06.05"]
[Round "2.1"]
[White "McKellar, Daniel"]
[Black "O'Connor, Derek"]
[Result "0-1"]
[WhiteElo "1871"]
[BlackElo "2329"]
[Annotator "Winslow,E"]
[PlyCount "64"]
[EventDate "2018.??.??"]
[Source "ChessBase"]
[SourceDate "2007.09.04"]

1. d4 Nf6 2. Bf4 d5 3. e3 c5 4. Nf3 Nc6 5. Nbd2 e6 6. c3 cxd4 7. exd4 Nh5 8.
Bg5 f6 9. Bh4 Bd6 10. Ne5 g6 11. Nd3 Ng7 12. f4 O-O 13. Be2 Qc7 14. O-O Bd7 15.
Bg4 $6 {Uninspired.} Ne7 16. Qe2 Nef5 17. Be1 Rae8 18. Bxf5 Nxf5 19. g4 Ng7 (
19... Nh6) 20. Bg3 Bb5 (20... h5 21. h3 Bb5) 21. Rae1 $6 (21. a4 Ba6 22. b4)
21... a5 (21... h5) 22. Qf3 a4 23. Rc1 Qb6 (23... h5) 24. Rb1 $2 (24. c4 dxc4
25. Nxc4 Qa6 26. b3 {isn't even so bad.}) 24... Qa6 $19 25. c4 dxc4 26. Nc5
Bxc5 27. dxc5 c3 28. bxc3 Bxf1 29. Nxf1 Rf7 30. Nd2 f5 31. h3 Rd8 32. Rb6 Qd3
0-1

[Event "Mechanics' Bedjanian TNM; G/2 d/5"]
[Site "San Francisco"]
[Date "2018.12.18"]
[Round "9.13"]
[White "McKellar, Daniel"]
[Black "Pham, Tam Phu"]
[Result "1/2-1/2"]
[WhiteElo "1878"]
[BlackElo "1775"]
[PlyCount "40"]
[EventDate "2018.??.??"]
[Source "ChessBase"]
[SourceDate "2007.09.04"]

1. Nf3 Nf6 2. c4 g6 3. g3 Bg7 4. Bg2 O-O 5. O-O d6 6. Nc3 c5 7. d4 a6 8. Re1
cxd4 9. Nxd4 Qc7 10. Nd5 Nxd5 11. cxd5 Qb6 12. Nb3 Nd7 13. Be3 Qd8 14. Qd2 Ne5
15. Rac1 Bd7 16. Nd4 Rc8 17. Rxc8 Qxc8 18. Rc1 Qb8 19. Bh6 Rc8 20. Bxg7 Kxg7
1/2-1/2

[Event "Mechanics' Summer TNM; G/2 d/5"]
[Site "San Francisco"]
[Date "2018.05.29"]
[Round "1.22"]
[White "McKellar, Daniel"]
[Black "Temple, Jason Todd"]
[Result "1-0"]
[WhiteElo "1871"]
[BlackElo "1404"]
[PlyCount "65"]
[EventDate "2018.??.??"]
[Source "ChessBase"]
[SourceDate "2007.09.04"]

1. d4 d6 2. c4 g6 3. Nc3 Bg7 4. e4 Nh6 5. Nf3 f5 6. Bd3 Nc6 7. d5 Ne5 8. Nxe5
dxe5 9. O-O Nf7 10. Qc2 f4 11. Be2 h5 12. Qd1 h4 13. h3 g5 14. Bg4 Bxg4 15.
Qxg4 Qd7 16. Qxd7+ Kxd7 17. f3 c6 18. dxc6+ Kxc6 19. b3 Rhe8 20. Rd1 e6 21. Bb2
Bf8 22. Rd3 Bc5+ 23. Kf1 Red8 24. Rad1 Bd4 25. Ke2 a6 26. a4 Rd7 27. Nb1 Rad8
28. Ba3 Nd6 29. c5 Ne8 30. Nd2 Bxc5 31. Rxd7 Rxd7 32. Rc1 b6 33. b4 {
and White went on to win.} 1-0

[Event "Mechanics' Shipman TNM; G/2 d/5"]
[Site "San Francisco"]
[Date "2018.08.21"]
[Round "3.3"]
[White "McKellar, Daniel"]
[Black "Vickers, Keith"]
[Result "0-1"]
[WhiteElo "1879"]
[BlackElo "2200"]
[PlyCount "98"]
[EventDate "2018.??.??"]
[Source "ChessBase"]
[SourceDate "2007.09.04"]

1. d4 f5 2. Nc3 d5 3. Bf4 e6 4. e3 a6 5. Nf3 Nf6 6. Bd3 c5 7. dxc5 Bxc5 8. O-O
O-O 9. Ne2 Nc6 10. c3 Qe7 11. Ne5 Nxe5 12. Bxe5 Ng4 13. Bg3 e5 14. h3 Nf6 15.
Bh4 h6 16. Bxf6 Rxf6 17. c4 e4 18. Bc2 dxc4 19. Nf4 Rd6 20. Qe2 b5 21. Rfd1 Bb7
22. Qh5 Qf7 23. Qe2 Rad8 24. a4 Rxd1+ 25. Rxd1 Rxd1+ 26. Qxd1 Qe7 27. axb5 axb5
28. Qh5 Qf7 29. Qd1 Bc6 30. Qd8+ Qe8 31. Qa5 g5 32. Ne2 Qd7 33. b3 Qd6 34. bxc4
bxc4 35. Qa2 Bd5 36. Nc3 Bf7 37. Qa8+ Kg7 38. Nb1 Qe5 39. Qb7 Bd6 40. g3 h5 41.
Nd2 Qc3 42. Nxe4 Qxc2 43. Nxg5 Qd1+ 44. Kh2 Qd5 45. Qc8 Be7 46. Nxf7 Qxf7 47.
g4 fxg4 48. hxg4 Qxf2+ 49. Kh3 Qf3+ 0-1

[Event "Mechanics' Winter TNM; G/2 d5"]
[Site "San Francisco"]
[Date "2018.01.16"]
[Round "2.1"]
[White "McKellar, Daniel"]
[Black "Winslow, Elliott C"]
[Result "*"]
[WhiteElo "1829"]
[BlackElo "2311"]
[Annotator "Winslow"]
[PlyCount "120"]
[EventDate "2018.??.??"]
[Source "ChessBase"]
[SourceDate "2007.09.04"]

1. d4 Nf6 2. Bf4 d6 3. Nf3 g6 4. Nc3 c6 5. e4 b5 $5 (5... Bg7 {
is what Marin gives without comment (Pirc, 4.Bf4 c6 5.Nf3).} 6. Qd2 Nbd7 $1) (
5... Qb6 {0-1 (38) Guillet,R (2142)-Leski,M (2421) France 2002}) 6. Bd3 Bg7 7.
Qd2 Bg4 8. Ng1 $5 (8. O-O-O) (8. Bh6) (8. e5) (8. a4) 8... Nh5 9. Be3 e5 10. d5
$146 (10. dxe5 dxe5 11. a4 b4 12. Nce2 a5 13. Rd1 O-O 14. Qc1 Qe7 15. h3 Bxe2
16. Nxe2 Nd7 17. O-O Nc5 18. c3 Rfc8 19. Bc2 Rab8 20. cxb4 axb4 21. Bxc5 Qxc5
22. Bb3 Qe7 23. Bc4 b3 24. Rd3 Nf6 25. Rfd1 Qb4 26. Rxb3 Qxa4 27. Rxb8 Rxb8 28.
b3 Qb4 29. Qe3 Bf8 30. Nc1 Qe7 31. Nd3 Rd8 32. Nb2 Rxd1+ 33. Nxd1 Ne8 34. Be2
Qb4 35. Qc3 Qxc3 36. Nxc3 Bb4 37. Na2 Bd2 38. Kf1 Kf8 39. Ba6 Nd6 40. Ke2 Ba5 {
1/2-1/2 (40) Gonzales,J (2396)-Antonio,R (2548) Manila 2001}) 10... b4 11. Nce2
cxd5 12. Qxb4 $2 (12. exd5 Qa5 (12... a5)) (12. Bb5+ Nd7 (12... Bd7 13. Qxd5
Bxb5 14. Qxb5+ Nd7) 13. Qxb4 $2 (13. f3 d4 14. fxg4 Qh4+ $1 15. Bf2 Qxg4 16.
Bxd7+ Qxd7 $14) 13... d4 14. Bd2 Rb8) 12... d4 13. Bd2 O-O $17 14. c3 Nc6 (
14... dxc3 15. Bxc3 a5 16. Qa3 Nc6 $17) 15. Qa3 Qb6 $6 (15... dxc3) (15... dxc3
) (15... Nf6) (15... Rb8) 16. cxd4 (16. h3 Be6 17. Nf3) 16... Nxd4 $2 (16...
Nf4 $1 17. Bxf4 exf4 18. h3 Bxe2 19. Nxe2 f3 20. gxf3 Nxd4 $17) 17. Ba5 (17.
Nxd4 exd4 18. h3 $11) 17... Qb7 (17... Qb8) 18. f3 Be6 19. Nxd4 exd4 20. Ne2 d5
21. O-O Rab8 (21... dxe4 22. Bxe4 Bd5) 22. Rab1 (22. exd5 Qxd5 23. Bc7 Rbc8)
22... Rfc8 (22... Rfe8) (22... dxe4 23. fxe4 (23. Bxe4 Qb5 24. Bd3 Bc4 $19))
23. Bd2 dxe4 24. Bxe4 (24. Ba6 $2 Qb6 25. Bxc8 d3+ 26. Rf2 e3 27. Bxe6 exf2+
28. Kf1 dxe2+) 24... Qb6 (24... Qd7) 25. Bd3 Bc4 $6 26. Rfc1 Bxd3 27. Rxc8+
Rxc8 28. Qxd3 {[#]} Rc2 $8 29. Ba5 $2 (29. g4 $1 Nf6 $8 $15 30. Ba5 Qc5 31. Bb4
Qc4 32. Qxc4 Rxc4 33. Be1 d3 34. Nc3 h5 35. h3 Nd7 (35... hxg4 36. hxg4 Nd7))
29... Qc6 $2 (29... Qc5 30. Bb4 Qc4 $15) 30. Nxd4 $4 {[#]} (30. g4 $1 Nf6 31.
Nxd4 $8 Rc1+ $8 32. Kg2 (32. Be1 Qc7 $11 (32... Qc8) (32... Qc5)) 32... Qc4 33.
Qxc4 Rxc4 34. Ne2 h5 35. gxh5 Rc2 36. Kf2 Nxh5 37. Ke3 Rxb2 38. Rxb2 Bxb2 $11)
30... Rc1+ $2 $17 (30... Qd5 $1 31. Qxc2 Bxd4+ 32. Kf1 Qb5+ 33. Qe2 Qxa5 $19) (
30... Qc5 $3 31. Bc3 Rxg2+ $3 $19) 31. Rxc1 Qxc1+ 32. Kf2 Qc5 $4 (32... Nf4 $1
$17 33. Qe4 Qxb2+ 34. Ne2 Qxa2) 33. Bc3 $11 Nf4 34. Qe3 Nd5 $11 35. Qd3 $11 (
35. Qe8+ Bf8 36. Qc6 Nxc3 37. Qxc5 Nd1+ 38. Ke2 Bxc5 39. Nb3 $11) 35... Nb4 $5
(35... Nxc3 36. bxc3 Qa5 37. Qc2 $6 (37. Qc4) (37. Qd2) (37. Qc2 $6 Qc7 $15)
37... Qc7 $15 38. Qe4 Qxc3 39. Ne2 $11) 36. Qe3 Nxa2 $5 (36... Nd5 $11) 37. Nb3
$2 (37. Ne2 $1 Qxe3+ 38. Kxe3 Nxc3 39. Nxc3 (39. bxc3 $5 {
0.00 !? SF8, hard to believe...}) 39... Be5 $5 {Not appreciated by computer}
40. f4 Bxc3 41. bxc3 Kf8 42. Kd4 Ke7 43. Kc5 Kd7 {(0.00x5!)}) 37... Qxe3+ 38.
Kxe3 Nxc3 39. bxc3 Bxc3 $138 40. Kd3 Be5 41. h3 $6 (41. g3 $17) 41... Kg7 42.
Ke4 Bc7 43. Nc5 Bb6 44. Na6 h5 45. f4 Kf6 46. Nb8 Ke6 47. g4 hxg4 48. hxg4 f5+
49. gxf5+ gxf5+ 50. Kd3 Kd5 51. Nd7 Bc7 52. Nf6+ Ke6 53. Nh5 Kf7 54. Ng3 Kg6
55. Ne2 Kh5 56. Ng3+ Kg4 57. Ne2 Bxf4 58. Kc4 Be3 59. Kb5 f4 60. Nxf4 Kxf4 *

[Event "Mechanics' Shipman TNM; G/2 d/5"]
[Site "San Francisco"]
[Date "2018.08.14"]
[Round "2.13"]
[White "McKellar, Daniel"]
[Black "Zaman, Ahyan"]
[Result "1-0"]
[WhiteElo "1879"]
[BlackElo "1590"]
[PlyCount "57"]
[EventDate "2018.??.??"]
[Source "ChessBase"]
[SourceDate "2007.09.04"]

1. d4 Nf6 2. Bf4 g6 3. Nc3 Bg7 4. Qd2 O-O 5. O-O-O d6 6. e4 Nc6 7. Be2 Nxd4 $2
8. Qxd4 Ng4 9. Qd2 Nxf2 10. Nf3 Nxh1 11. Rxh1 Bd7 12. Bh6 a5 13. h4 Bg4 14.
Bxg7 Kxg7 15. Ng5 Bxe2 16. Nxe2 h5 17. g4 Rh8 18. Rf1 Rf8 {Diagram [#]} 19.
gxh5 (19. Rxf7+ $1) 19... Qd7 20. h6+ Kg8 21. h7+ Kg7 22. h8=Q+ Kxh8 23. Nxf7+
Kg8 24. Nh6+ Kg7 25. Nf5+ gxf5 26. Qg5+ Kf7 27. Rxf5+ Qxf5 28. Qxf5+ Ke8 29.
Qb5+ 1-0

[Event "Mechanics' Winter TNM; G/2 d5"]
[Site "San Francisco"]
[Date "2018.01.09"]
[Round "1.16"]
[White "McLain, Julian"]
[Black "Askin, David Benjamin"]
[Result "0-1"]
[WhiteElo "1435"]
[BlackElo "1983"]
[PlyCount "76"]
[EventDate "2018.??.??"]
[Source "ChessBase"]
[SourceDate "2007.09.04"]

1. Nf3 Nf6 2. d4 g6 3. Nc3 d5 4. Bg5 Bg7 5. e3 O-O 6. Bd3 c5 7. dxc5 Qa5 8. O-O
Qxc5 9. Ne2 Nc6 10. c3 e5 11. Bxf6 Bxf6 12. e4 Be6 13. b4 Qe7 14. Qa4 a6 15. b5
axb5 16. Qxb5 Rfd8 17. Rfd1 dxe4 18. Bxe4 Rxd1+ 19. Rxd1 Rxa2 20. h4 Bxh4 21.
Nxh4 Qxh4 22. Ng3 Qf6 23. Qb6 h5 24. Bf3 Bg4 25. Qb3 Bxf3 26. gxf3 Qxf3 27.
Qxa2 Qxd1+ 28. Kg2 Qd7 29. Qc4 Ne7 30. Qe4 Qd5 31. c4 Qc6 32. Kg1 Qxe4 33. Nxe4
Nc6 34. Nc5 Na5 35. Nd7 Nxc4 36. f3 Kg7 37. Kf2 f6 38. Nc5 b6 0-1

[Event "Mechanics' Winter TNM; G/2 d5"]
[Site "San Francisco"]
[Date "2018.01.30"]
[Round "4.46"]
[White "Mclain, Julian"]
[Black "Badgett Jr, James"]
[Result "0-1"]
[WhiteElo "1435"]
[BlackElo "1012"]
[PlyCount "46"]
[EventDate "2018.??.??"]
[Source "ChessBase"]
[SourceDate "2007.09.04"]

1. Nf3 Nc6 2. d4 e5 3. dxe5 Bb4+ 4. Bd2 Qe7 5. c3 Bc5 6. b4 Bb6 7. Bf4 Nh6 8.
h3 f6 9. Bxh6 gxh6 10. exf6 Qxf6 11. Qb3 d6 12. Nbd2 Be6 13. Ne4 Qf7 14. Qa4
O-O 15. e3 a6 16. Bd3 Qg7 17. Ng3 Qxc3+ 18. Ke2 Bc4 19. Rhd1 Qb2+ 20. Qc2 Qxc2+
21. Nd2 Qxd3+ 22. Ke1 Nd4 23. Nxc4 Nc2# 0-1

[Event "Mechanics' Winter TNM; G/2 d5"]
[Site "San Francisco"]
[Date "2018.02.27"]
[Round "8.49"]
[White "Mclain, Julian"]
[Black "Cowgill, Jackie"]
[Result "0-1"]
[WhiteElo "1435"]
[BlackElo "927"]
[Annotator "Donaldson"]
[PlyCount "78"]
[EventDate "2018.??.??"]
[Source "ChessBase"]
[SourceDate "2007.09.04"]

1. e4 e5 2. Nf3 Nc6 3. Bc4 Bc5 4. b4 Bxb4 5. c3 Be7 6. Qb3 Kf8 (6... Nh6 7. d4
Na5 (7... O-O)) (6... Na5 7. Bxf7+ Kf8 8. Qa4 $14) 7. Bxf7 Nf6 8. Ng5 Na5 9.
Qb5 h6 10. Qxa5 hxg5 11. Bg6 Rh6 12. Bf5 d5 13. d3 Bxf5 14. exf5 Rh8 15. Bxg5
Qd7 16. Be3 b6 17. Qa6 Qxf5 18. Nd2 Kf7 19. O-O Ng4 20. Nf3 Nxh2 21. Nxh2 Rxh2
22. Kxh2 Rh8+ 23. Kg1 Qh5 24. f4 Qh2+ 25. Kf2 Bh4+ 26. Ke2 Qxg2+ 27. Kd1 Qxf1+
28. Kc2 Qe2+ 29. Bd2 exf4 30. Qxa7 f3 31. Qxc7+ Be7 32. Qf4+ (32. Re1) 32...
Bf6 33. Re1 Qg2 34. Kb3 $4 (34. Re3 g5 (34... f2 $2 35. Qc7+)) 34... f2 35. Rc1
Rh3 $1 36. Be3 Rf3 37. Qc7+ Kg6 38. Bxf2 Rxf2 39. Qxb6 Rb2+ 0-1

[Event "Mechanics' Spring TNM; G/2 d5"]
[Site "San Francisco"]
[Date "2018.04.17"]
[Round "5.12"]
[White "Melville, Cailen"]
[Black "Admassu, Yonathan"]
[Result "1-0"]
[WhiteElo "1924"]
[BlackElo "1378"]
[Annotator "Winslow,Elliott"]
[PlyCount "77"]
[EventDate "2018.??.??"]
[Source "ChessBase"]
[SourceDate "2007.09.04"]

1. d4 Nf6 2. c4 g6 3. f3 Bg7 4. e4 d6 5. Nc3 O-O 6. Nge2 Na6 (6... c5 7. d5 e6)
7. Bg5 c5 8. d5 Qa5 9. Qd2 Bd7 10. Ng3 Rab8 11. Be2 Nc7 12. a4 a6 13. O-O Qb4
14. Qc2 (14. e5 $5 dxe5 (14... Nfe8 15. Bxe7 Bxe5) 15. d6) 14... b5 15. Bd2
bxc4 16. Nb5 Qb3 (16... Ncxd5 $5 17. exd5 Qb3 18. Qxb3 cxb3 19. Nc3 e6 20. dxe6
fxe6) 17. Qxb3 cxb3 18. Nxc7 $18 Rb7 19. Ba5 Rc8 20. Bxa6 Rcxc7 21. Bxb7 Rxb7
22. Bc3 e6 23. dxe6 fxe6 24. Rfd1 d5 25. a5 d4 26. Bd2 Bb5 27. a6 Ra7 28. Ra5
Bd3 29. Bb4 Nd7 30. Rxd3 c4 31. Rd1 c3 32. Ne2 c2 33. Rd3 Ne5 34. Bc5 Nxd3 35.
Bxa7 Nxb2 36. Bc5 d3 37. a7 d2 38. a8=Q+ Kf7 39. Qb7+ 1-0

[Event "Mechanics' Summer TNM; G/2 d5"]
[Site "San Francisco"]
[Date "2018.06.05"]
[Round "2.12"]
[White "Melville, Cailen"]
[Black "Campers Jr, Willie"]
[Result "1-0"]
[WhiteElo "1959"]
[BlackElo "1725"]
[PlyCount "53"]
[EventDate "2018.??.??"]
[Source "ChessBase"]
[SourceDate "2007.09.04"]

1. d4 d5 2. c4 e6 3. Nf3 Nf6 4. g3 b6 5. cxd5 exd5 6. Bg2 Bd6 7. Nc3 c6 8. O-O
O-O 9. Ne5 Qc7 10. Nd3 Bf5 11. Bg5 Nbd7 12. Rc1 a6 13. Nxd5 Nxd5 14. Bxd5 Nb8
15. Bg2 Qd7 16. e4 Bh3 17. Bxh3 Qxh3 18. e5 h6 19. Nf4 Qf5 20. Bxh6 Be7 21. g4
Qh7 22. Bxg7 Kxg7 23. Rc3 Rd8 24. Rh3 Qe4 25. Qc1 Bg5 26. Ne6+ fxe6 27. Qxg5+
1-0

[Event "Mechanics' Winter TNM; G/2 d5"]
[Site "San Francisco"]
[Date "2018.02.13"]
[Round "6.17"]
[White "Melville, Cailen"]
[Black "Campers Jr, Willie"]
[Result "1/2-1/2"]
[WhiteElo "1889"]
[BlackElo "1651"]
[PlyCount "106"]
[EventDate "2018.??.??"]
[Source "ChessBase"]
[SourceDate "2007.09.04"]

1. d4 d5 2. c4 c6 3. Nf3 Nf6 4. Nc3 e6 5. g3 Bb4 6. Bg2 dxc4 7. Ne5 Nd5 8. Qc2
b5 9. O-O O-O 10. a4 f6 11. Nf3 Bd7 12. axb5 cxb5 13. Rd1 a5 14. e4 Ne7 15. e5
Bxc3 16. bxc3 Nd5 17. exf6 Qxf6 18. Ng5 g6 19. Ne4 Qf5 20. Ba3 Rf7 21. Qd2 Ra6
22. Nd6 Rxd6 23. Bxd6 Nc6 24. Rf1 b4 25. cxb4 c3 26. Qh6 Ndxb4 27. Bh3 Qd5 28.
Bxb4 Nxb4 29. Bg2 Qf5 30. Qh4 a4 31. Be4 Qb5 32. Qd8+ Kg7 33. Qa8 Qc4 34. Rxa4
Bxa4 35. Qxa4 Qxd4 36. Bb1 e5 37. Qb3 Rc7 38. Bc2 Nxc2 39. Qxc2 Qd2 40. Rc1 Kf6
41. Kf1 e4 42. Qxd2 cxd2 43. Rd1 Rc1 44. Ke2 Rxd1 45. Kxd1 Kf5 46. h3 h5 47.
Kxd2 g5 48. Kc3 Ke5 49. Kd2 Kd4 50. Ke2 Ke5 51. Ke3 Kd5 52. f4 exf3 53. Kxf3
Ke5 1/2-1/2

[Event "Mechanics' Winter TNM; G/2 d5"]
[Site "San Francisco"]
[Date "2018.01.23"]
[Round "3.22"]
[White "Melville, Cailen"]
[Black "Casares Jr, Nick"]
[Result "1-0"]
[WhiteElo "1889"]
[BlackElo "1600"]
[PlyCount "77"]
[EventDate "2018.??.??"]
[Source "ChessBase"]
[SourceDate "2007.09.04"]

1. d4 d5 2. c4 c6 3. Nf3 Nf6 4. Nc3 e6 5. g3 Be7 6. Qd3 dxc4 7. Qxc4 b5 8. Qd3
Ba6 9. Qc2 b4 10. Nb1 O-O 11. Bg2 Bb7 12. O-O c5 13. dxc5 Be4 14. Qc4 a5 15.
Nbd2 Bd5 16. Qc2 Nbd7 17. e4 Bc6 18. e5 Nd5 19. Ne4 f5 20. Nd4 Nxe5 21. Nxe6
Qd7 22. Nxf8 Rxf8 23. Nd6 f4 24. Bxf4 Nxf4 25. gxf4 Bxg2 26. fxe5 Qg4 27. Qc4+
Qxc4 28. Nxc4 Bf3 $2 ({Why not} 28... Bxf1 29. Kxf1 Bxc5 {and Black has no
problems. Instead he envisions a mating attack with ...Rf5-g5 that isn't there.
}) 29. Nd2 Bd5 30. Rac1 Rf5 31. f4 Bh4 32. c6 g5 33. c7 Bb7 34. c8=Q+ Bxc8 35.
Rxc8+ Kg7 36. Nf3 Rxf4 37. Rc7+ Kh6 38. Nxh4 Rxh4 39. Rf6+ 1-0

[Event "Mechanics' Spring TNM; G/2 d5"]
[Site "San Francisco"]
[Date "2018.04.03"]
[Round "3.5"]
[White "Melville, Cailen"]
[Black "Chambers, Ezra Pau"]
[Result "0-1"]
[WhiteElo "1924"]
[BlackElo "2277"]
[PlyCount "72"]
[EventDate "2018.??.??"]
[Source "ChessBase"]
[SourceDate "2007.09.04"]

1. d4 g6 2. c4 Bg7 3. e4 d6 4. Nc3 Nc6 5. Be3 e5 6. d5 Nd4 7. Nge2 Nxe2 8. Bxe2
f5 9. f3 Nf6 10. Qd2 O-O 11. exf5 gxf5 12. O-O-O Qe7 13. Rdg1 c6 14. Bg5 Qf7
15. dxc6 bxc6 16. Qxd6 Be6 17. b3 Nd7 18. Bd2 Rfd8 19. Qa3 Bf8 20. Qb2 Nc5 21.
Bg5 Rdb8 22. Be3 a5 23. g4 f4 24. Bxc5 Bxc5 25. Ne4 Be3+ 26. Kc2 Bd4 27. Qa3 a4
28. b4 Bxc4 29. Re1 Bxa2 30. Nf6+ Kg7 31. Nh5+ Kh8 32. Rb1 Bb3+ 33. Kd2 Rd8 34.
Ke1 Bc3+ 35. Kf1 e4 36. Kg2 Rd2 0-1

[Event "Mechanics' Spring TNM; G/2 d5"]
[Site "San Francisco"]
[Date "2018.03.20"]
[Round "1.19"]
[White "Melville, Cailen"]
[Black "Harris, Clarence"]
[Result "1-0"]
[WhiteElo "1924"]
[BlackElo "1400"]
[PlyCount "41"]
[EventDate "2018.??.??"]
[Source "ChessBase"]
[SourceDate "2007.09.04"]

1. d4 Nf6 2. c4 g6 3. f3 Bg7 4. e4 d6 5. Nc3 O-O 6. Nge2 c5 7. d5 Nbd7 8. Bg5
Ne5 9. Ng3 Qb6 10. Qd2 Re8 11. Rd1 Rd8 12. Be2 Qb4 13. b3 h6 14. Be3 Kh7 15.
Qc2 Bd7 16. h3 e6 17. Bd2 Qa5 18. f4 Nxc4 19. bxc4 exd5 20. cxd5 b5 21. Nxb5
1-0

[Event "Mechanics' Winter TNM; G/2 d5"]
[Site "San Francisco"]
[Date "2018.01.09"]
[Round "1.23"]
[White "Melville, Cailen"]
[Black "James, Charles"]
[Result "0-1"]
[WhiteElo "1889"]
[BlackElo "1381"]
[Annotator "Donaldson"]
[PlyCount "32"]
[EventDate "2018.??.??"]
[Source "ChessBase"]
[SourceDate "2007.09.04"]

1. d4 d5 2. c4 c6 3. Nf3 Nf6 4. Nc3 Bf5 $6 {A common mistake in the TNM series
that has occurred over a dozen times the past decade. The development of the
queen bishop is desirable but not a good idea here as it weakens b7. Also see
Askin-Ross for something similar.} 5. cxd5 cxd5 (5... Nxd5) 6. Qb3 b6 7. Ne5 (
7. Bg5 e6 8. e4 dxe4 9. Bb5+ Nbd7 10. Ne5 $18 {was winning.}) 7... e6 8. f3
Nfd7 9. e4 Bg6 10. exd5 Nxe5 11. dxe5 Bc5 12. Bb5+ Nd7 13. dxe6 O-O 14. Bxd7
Qh4+ 15. g3 Qd4 16. Qd5 $4 (16. Rf1 {or}) (16. Nd1 {was winning.}) 16... Qf2+
0-1

[Event "Mechanics' Summer TNM; G/2 d5"]
[Site "San Francisco"]
[Date "2018.06.26"]
[Round "5.14"]
[White "Melville, Cailen"]
[Black "McKellar, Daniel"]
[Result "0-1"]
[WhiteElo "1959"]
[BlackElo "1871"]
[PlyCount "62"]
[EventDate "2018.??.??"]
[Source "ChessBase"]
[SourceDate "2007.09.04"]

1. d4 d5 2. c4 c6 3. Nf3 Nf6 4. Nc3 e6 5. g3 Bd6 6. Bg2 O-O 7. O-O Nbd7 8. Nd2
dxc4 9. Nxc4 Bc7 10. f4 c5 11. Nb5 cxd4 12. Qxd4 Nb6 13. Qxd8 Bxd8 14. Ncd6
Nbd5 15. e3 Bd7 16. Nd4 Rb8 17. Bd2 Be7 18. Nc4 Bc5 19. Nb3 Be7 20. Rfd1 Rfc8
21. Rac1 Ba4 22. Re1 Nb4 23. Bxb4 Bxb4 24. Red1 Bxb3 25. axb3 b5 26. Ne5 Rxc1
27. Rxc1 Bd2 28. Rc7 Bxe3+ 29. Kf1 Bb6 30. Rxf7 Ng4 31. Bh3 Nxe5 0-1

[Event "Mechanics' Summer TNM; G/2 d/5"]
[Site "San Francisco"]
[Date "2018.06.19"]
[Round "4.18"]
[White "Melville, Cailen"]
[Black "Quang, Danny"]
[Result "1/2-1/2"]
[WhiteElo "1959"]
[BlackElo "1697"]
[Annotator "Winslow,Elliott"]
[PlyCount "101"]
[EventDate "2018.??.??"]
[Source "ChessBase"]
[SourceDate "2007.09.04"]

1. d4 d5 2. c4 c6 3. Nf3 Nf6 4. Nc3 e6 5. g3 Bd6 6. Bg2 Nbd7 7. O-O O-O 8. Nd2
Re8 9. e4 dxe4 10. Ndxe4 Nxe4 11. Nxe4 Be7 12. Qc2 e5 13. dxe5 Nxe5 14. Bf4 Qd3
15. Qb3 Qxb3 16. axb3 Nd3 17. Be3 Nxb2 18. Rfb1 Nd3 19. Rd1 Ne5 20. Rxa7 Rxa7
21. Bxa7 Bg4 22. Re1 Bb4 23. Re3 Rd8 24. h3 Be6 25. Ng5 Ng6 26. Nxe6 fxe6 27.
Rxe6 Rd3 28. Re8+ Kf7 29. Rb8 Rd7 30. Bb6 Ne5 31. h4 h6 32. Be4 Bd6 33. Ra8 Bc7
34. Bc5 Bd6 35. Bxd6 Rxd6 36. Ra7 Rd7 37. f4 b5 38. Rxd7+ Nxd7 39. cxb5 (39.
Bxc6 $1) 39... cxb5 40. Bc6 Nc5 41. Bxb5 g5 42. Kg2 Kf6 43. Kf3 $4 (43. b4) (
43. fxg5+ hxg5 44. b4) 43... Nxb3 44. Ke4 gxf4 45. Kxf4 Nd4 46. Bd7 Ne2+ 47.
Kg4 {[#]} Nxg3 {He knows!} 48. Kxg3 Kg6 49. Kg4 h5+ 50. Kf4 Kh6 51. Kf5 {
.... There were more moves, but this is a famous draw} 1/2-1/2

[Event "Mechanics' Winter TNM; G/2 d5"]
[Site "San Francisco"]
[Date "2018.02.27"]
[Round "8.22"]
[White "Melville, Cailen"]
[Black "Yan, David"]
[Result "1-0"]
[WhiteElo "1889"]
[BlackElo "1548"]
[PlyCount "55"]
[EventDate "2018.??.??"]
[Source "ChessBase"]
[SourceDate "2007.09.04"]

1. d4 Nf6 2. c4 e6 3. g3 Nc6 4. Nf3 b6 5. Bg2 Bb7 6. O-O Bb4 7. a3 Be7 8. Nc3
O-O 9. e4 d6 10. b4 h6 11. Qc2 Nh7 12. Rd1 Ng5 13. Nxg5 Bxg5 14. f4 Bf6 15. e5
Be7 16. d5 exd5 17. cxd5 Nb8 18. e6 fxe6 19. Bh3 exd5 20. Be6+ Kh8 21. Nxd5 c6
22. Ne3 d5 23. Ng4 Qd6 24. Qg6 Bc8 25. Bb2 Bf6 26. Nxf6 Rxf6 27. Bxf6 Qf8 28.
Qxh6# 1-0